Régimen fiscal de los beneficios de empresas y partícipes / (Registro nro. 7661)
[ vista simple ]
| 000 -LEADER | |
|---|---|
| fixed length control field | 01291nam a2200265Ia 4500 |
| 003 - CONTROL NUMBER IDENTIFIER | |
| control field | OSt |
| 005 - DATE AND TIME OF LATEST TRANSACTION | |
| control field | 20210511123838.0 |
| 008 - FIXED-LENGTH DATA ELEMENTS--GENERAL INFORMATION | |
| fixed length control field | 210310t1954 sp fr 001 0 spa d |
| 040 ## - CATALOGING SOURCE | |
| Original cataloging agency | CO-JMCR |
| Transcribing agency | CO-JMCR |
| 041 0# - LANGUAGE CODE | |
| Language code of text/sound track or separate title | spa |
| 082 04 - DEWEY DECIMAL CLASSIFICATION NUMBER | |
| Classification number | 336.243 / |
| Item number | U727r |
| Edition number | 23 |
| 100 1# - MAIN ENTRY--PERSONAL NAME | |
| Personal name | Usera, Gabriel de, |
| 9 (RLIN) | 15081 |
| Relator term | autor |
| 245 10 - TITLE STATEMENT | |
| Title | Régimen fiscal de los beneficios de empresas y partícipes / |
| Statement of responsibility, etc. | Gabriel de Usera ; introducción de Manuel Torres ; con un apéndice de Antolin Reguero Arias |
| 250 ## - EDITION STATEMENT | |
| Edition statement | Segunda edición |
| 260 ## - PUBLICATION, DISTRIBUTION, ETC. | |
| Place of publication, distribution, etc. | Madrid : |
| Name of publisher, distributor, etc. | Ediciones Aguilar, |
| Date of publication, distribution, etc. | ©1954 |
| 300 ## - PHYSICAL DESCRIPTION | |
| Extent | xviii, 432 páginas ; |
| Dimensions | 21 cm. |
| 490 0# - SERIES STATEMENT | |
| Series statement | Biblioteca de Ciencias Sociales. Sección Primera: Economía |
| 500 ## - GENERAL NOTE | |
| General note | Incluye notas a pie de página e índices alfabético de materias y cronológico de jurisprudencia. |
| 505 0# - FORMATTED CONTENTS NOTE | |
| Formatted contents note | Conceptos previos -- El derecho material de la relación jurídica tributaria -- El derecho formal de la relación jurídica tributaria -- Normas tributarias del beneficio de la empresa -- Normas tributarias del beneficios de los participes |
| 650 14 - SUBJECT ADDED ENTRY--TOPICAL TERM | |
| Topical term or geographic name entry element | Rentas |
| 9 (RLIN) | 15083 |
| General subdivision | Impuestos |
| 650 24 - SUBJECT ADDED ENTRY--TOPICAL TERM | |
| Topical term or geographic name entry element | Legislación |
| Geographic subdivision | España |
| 9 (RLIN) | 37545 |
| 700 1# - ADDED ENTRY--PERSONAL NAME | |
| Personal name | Torres, Manuel, |
| Relator term | autor de introducción |
| 9 (RLIN) | 37546 |
| 700 1# - ADDED ENTRY--PERSONAL NAME | |
| Personal name | Reguero Arias, Antolin, |
| Relator term | autor de apéndice |
| 9 (RLIN) | 37547 |
| 942 ## - ADDED ENTRY ELEMENTS (KOHA) | |
| Source of classification or shelving scheme | Dewey Decimal Classification |
| Koha item type | Books |
| Withdrawn status | Lost status | Source of classification or shelving scheme | Damaged status | Not for loan | Collection code | Home library | Current library | Date acquired | Coded location qualifier | Serial Enumeration / chronology | Full call number | Barcode | Date last seen | Copy number | Koha item type |
|---|---|---|---|---|---|---|---|---|---|---|---|---|---|---|---|
| Dewey Decimal Classification | Non-fiction | Biblioteca Pública José María del Castillo y Rada | Biblioteca Pública José María del Castillo y Rada | 04/15/2018 | Donación | $0 | 336.243 / U727r | 430003447 | 05/16/2024 | Ej.1 | Books |